000 00599nam a22001577a 4500
003 OSt
008 260625b |||||||| |||| 00| 0 eng d
020 _a9789390425259
082 _a630.285
_bS55A
245 _aAgriculture 4.0 Precision & Automated Ag. Technologies/ by M.G. Shinde...[et al.]
260 _aNew Delhi:
_bInternational Books & Periodicals Supply Service,
_c2022.
300 _axii, 145 p.
650 _a Technology (Applied Sciences) | Agriculture and Related Technologies | Agriculture | Technological Innovations | Precision Farming
700 _aShinde, M. G
942 _2ddc
_cBK
999 _c52302
_d52302